Las esculturas de la Isla de Pascua

Bewaard in:
Bibliografische gegevens
Hoofdauteur: Domínguez, Lorenzo (Auteur)
Formaat: Boek
Taal:Spaans
Gepubliceerd in: Buenos Aires Fondo Nacional de las Artes 1968
Editie:1a. ed
Onderwerpen:
Tags: Voeg label toe
Geen labels, Wees de eerste die dit record labelt!

MARC

LEADER 00000cam a2200000 a 4500
001 UCC3807
003 CL-VaPUC
008 180615e19680000ag |||||||||||||||||spa|d
082 0 4 |a 730.983  |b DOM  |2 21 
100 0 |a Domínguez, Lorenzo  |e author  |9 381389 
245 1 4 |a Las esculturas de la Isla de Pascua 
250 |a 1a. ed 
300 |a 249 p 
942 |c BK 
945 |d 20180615 12:36:00  |a arojas 
260 |a Buenos Aires  |b Fondo Nacional de las Artes  |c 1968 
650 7 |a ESCULTURAS CHILENAS  |2 CL-VaPUC  |9 493052 
650 0 |a Monumentos  |9 265246 
650 0 |a Esculturas  |9 344688 
651 0 |a Isla de Pascua  |9 261357 
651 7 |a CHILE  |2 CL-VaPUC  |9 597920 
583 |a last modification  |c 20180615 12:36:00  |k Rodrigo Vera 
999 |c 371480  |d 371478 
952 |0 0  |1 0  |3 erd  |4 0  |6 730_983000000000000_DOM_1968  |7 0  |8 X  |9 488486  |a BIBART  |b BIBART  |i 5474752  |o 730.983 DOM 1968  |p 5474752  |r 2025-03-13  |w 2019-11-24  |y BK_X  |z Catalogado en:20180615  |k ART